| 000 | 00325nam a2200109Ia 4500 | ||
|---|---|---|---|
| 005 | 20251222144739.0 | ||
| 008 | 251222s9999||||xx |||||||||||||| ||spa|| | ||
| 082 | _a657.021.8/N82/T.I | ||
| 245 | 0 | _aNormas Internacionales de Contabilidad 2000 | |
| 264 | _bFederación de Colegios de Contadores Públicos del Perú | ||
| 942 | _cLIB | ||
| 999 |
_c18890 _d18890 |
||